| 000 | 00624nam a22001457a 4500 | ||
|---|---|---|---|
| 020 | _a978-81-226-1391-9 | ||
| 082 |
_a894.812.3 _bMEE/N |
||
| 100 | _aMEERA K R | ||
| 245 | _aNETROTHMEELANAM | ||
| 260 |
_aTHRISSUR _bCURRENT BOOKS _c2018 |
||
| 300 | _a248 | ||
| 520 | _aA blind man's search for his missing wife is at the centre of KR Meera's 2008 Malayalam novel Nethronmeelanam, now published in English as The Unseeing Idol of Light. Prakash, as everyone calls him, lost his sight after the disappearance of Deepti. In his journey, he is always accompanied by his childhood friend Shyam.13 | ||
| 650 | _aNOVEL | ||
| 942 | _cBK | ||
| 999 |
_c4968 _d4968 |
||